00852cam a22001934a 4500020003800000041000800038082001500046100002400061245006200085260005100147300001700198505015500215650001700370856005900387942000700446952009400453952009400547999001700641 a9781602581401 (pbk. : alk. paper) aENG00a179.9bHEN1 aHenderson, Michael,10aNo enemy to conquer : Forgiveness in an unforgiving world aWaco, Tex. :bBaylor University Press,cc2009. axx, 214 p. ;0 aClash or alliance? -- Reaching out to the other -- Moving beyond victimhood -- Taking responsibility -- Creating safe space -- Acknowledging the past. 0aForgiveness.41uhttp://www.loc.gov/catdir/toc/ecip0823/2008029508.html cBK 00104070aHMIbHMIcGENd2018-12-11l0o179.9 HENp11004028r2026-01-16w2026-01-16yBK 00104070aHMIbHMIcGENd2018-12-11l0o179.9 HENp11004027r2026-01-16w2026-01-16yBK c22582d22582